La réponse commence par M - Statistiques

Statistiques générales
  • Ce quiz a été pris 1 440 fois
  • Le résultat moyen est 14 sur 20
Statistiques - réponses
Indices Réponses % Correct
Ce que vend principalement IKEA Meuble
99%
Capitale de l'Espagne Madrid
97%
Planète la plus proche du Soleil Mercure
96%
Mettre quelque chose dans sa bouche et l'avaler Manger
95%
Le plus emblématique des personnages de Disney Mickey Mouse
95%
Ensemble de poils entre le nez et la bouche Moustache
93%
Bandes dessinées japonaise Manga
91%
Animal fictif jaune et noir de bandes dessinées et possédant une très longue queue Marsupilami
89%
Nom donné aux personnes sans pouvoirs magiques dans Harry Potter Moldu
81%
Langue officielle de Madagascar Malgache
79%
Petit du sanglier Marcassin
77%
Prophète ayant conduit le peuple hébreu hors de l'Egypte Moïse
77%
Ce que mesure l'échelle de Richter Magnitude
60%
Interprète de La Tribu de Dana Manau
58%
Structure de base de la matière Molécule
51%
Élément chimique symbolisé par Mn Manganèse
45%
36ème classique d'animation de Disney Mulan
43%
Charcuterie spécialité de la ville de Bologne Mortadelle
39%
Tueur de la saga de films Halloween Michael Myers
27%
Contrée dans laquelle se déroule le troisième opus de The Elder Scrolls Morrowind
11%
Aucun quiz correspondant
Distribution des résultats
% des personnes avec chaque résultat
Percentile par nombre de réponses
Votre historique - résultats
Vous n’avez pas pris ce quiz